[Event "Winnipeg Yanofsky Memorial"]
[Site "Winnipeg"]
[Date "2006.09.02"]
[Round "3"]
[White "Sigurdson, Matthew"]
[Black "Zhou, Lu"]
[Result "1/2-1/2"]
[WhiteElo "1244"]
[BlackElo "1786"]
[PlyCount "112"]
[EventDate "2006.09.01"]
[EventType "swiss"]
[EventRounds "5"]
[EventCountry "CAN"]
[SourceTitle "EXT 2007"]
[Source "ChessBase"]
[SourceDate "2006.11.23"]
[SourceVersion "1"]
[SourceVersionDate "2006.11.23"]
[SourceQuality "1"]

1. e4 c5 2. c3 d5 3. exd5 Qxd5 4. Nf3 Nf6 5. d4 Nc6 6. Bb5 Bg4 7. Bxc6+ bxc6 8. Nbd2 e6 9. 0-0 cxd4 10. cxd4 Be7 11. Qc2 Bf5 12. Qb3 0-0 13. Qc3 Rab8 14. b3 Rfc8 15. Bb2 Ne4 16. Qe3 Bf6 17. Nc4 Be7 18. Rac1 f6 19. Rfe1 Kf7 20. Re2 Re8 21. Nh4 Nd6 22. Nxf5 Nxf5 23. Qd3 Rbd8 24. Ne3 Qd7 25. Nxf5 exf5 26. Qc4+ Qd5 27. Qxc6 Qxc6 28. Rxc6 Bd6 29. Rxe8 Rxe8 30. g3 Rd8 31. Kf1 Ke6 32. Ke2 Kd5 33. Ra6 Rd7 34. Ra5+ Ke6 35. Ke3 Bc7 36. Ra6+ Bb6 37. Ra4 g5 38. f4 Kd5 39. Ba3 Rd8 40. Bc5 Re8+ 41. Kd3 Re4 42. Bxb6 axb6 43. Rb4 Kc6 44. Rc4+ Kd5 45. a4 gxf4 46. gxf4 Rxf4 47. a5 Rf3+ 48. Kc2 bxa5 49. Ra4 h5 50. Rxa5+ Kxd4 51. Rb5 Rf2+ 52. Kd1 Kd3 53. Ke1 Rxh2 54. Rxf5 Kc3 55. Rf3+ Kb4 56. Kf1 Rb2 1/2-1/2

[Event "Winnipeg Yanofsky Memorial"]
[Site "Winnipeg"]
[Date "2005.09.05"]
[Round "6"]
[White "Sigurdson, Matthew"]
[Black "Remillard, John"]
[Result "0-1"]
[WhiteElo "1115"]
[BlackElo "1587"]
[PlyCount "48"]
[EventDate "2005.09.03"]
[EventType "swiss"]
[EventRounds "6"]
[EventCountry "CAN"]
[SourceTitle "CBM 108 Extra"]
[Source "ChessBase"]
[SourceDate "2005.11.04"]
[SourceVersion "1"]
[SourceVersionDate "2005.11.04"]
[SourceQuality "1"]

1. e4 e5 2. f4 exf4 3. Nf3 d5 4. Nc3 dxe4 5. Nxe4 Nf6 6. Nxf6+ Qxf6 7. Bc4 Bd6 8. 0-0 0-0 9. c3 Be6 10. Be2 Nd7 11. d4 Nb6 12. Bd2 c5 13. dxc5 Bxc5+ 14. Kh1 Rad8 15. Qc1 g5 16. Rd1 Nc4 17. Bxc4 Bxc4 18. Be1 Be2 19. Rxd8 Rxd8 20. Nd2 f3 21. Bg3 fxg2+ 22. Kxg2 Qc6+ 23. Kh3 g4+ 24. Kh4 Qh6# 0-1

[Event "Winnipeg Yanofsky Memorial"]
[Site "Winnipeg"]
[Date "2005.09.05"]
[Round "5"]
[White "Zhou, Lu"]
[Black "Sigurdson, Matthew"]
[Result "1-0"]
[WhiteElo "1805"]
[BlackElo "1115"]
[PlyCount "71"]
[EventDate "2005.09.03"]
[EventType "swiss"]
[EventRounds "6"]
[EventCountry "CAN"]
[SourceTitle "CBM 108 Extra"]
[Source "ChessBase"]
[SourceDate "2005.11.04"]
[SourceVersion "1"]
[SourceVersionDate "2005.11.04"]
[SourceQuality "1"]

1. e4 e6 2. d4 d5 3. Nc3 Bb4 4. e5 Ne7 5. a3 Bxc3+ 6. bxc3 0-0 7. Bd3 Ng6 8. Nf3 Nc6 9. h4 Nh8 10. Bxh7+ Kxh7 11. Ng5+ Kg8 12. Qh5 Re8 13. Qh7+ Kf8 14. Qxh8+ Ke7 15. Qxg7 Kd7 16. Nxf7 Qe7 17. Bg5 Qf8 18. Qxf8 Rxf8 19. Nh6 Ne7 20. Bxe7 Kxe7 21. g4 Bd7 22. Ke2 Be8 23. h5 Bf7 24. g5 Rh8 25. Nxf7 Kxf7 26. Rag1 Kg7 27. Rg3 Raf8 28. Rf3 Rxf3 29. Kxf3 Rf8+ 30. Kg3 Rf5 31. f4 b6 32. h6+ Kh8 33. Kg4 Rf8 34. g6 Kg8 35. Rh5 c6 36. f5 1-0

[Event "Winnipeg Yanofsky Memorial"]
[Site "Winnipeg"]
[Date "2005.09.04"]
[Round "3"]
[White "Sigurdson, Matthew"]
[Black "De Groot, Steven"]
[Result "1-0"]
[WhiteElo "1115"]
[BlackElo "1604"]
[PlyCount "71"]
[EventDate "2005.09.03"]
[EventType "swiss"]
[EventRounds "6"]
[EventCountry "CAN"]
[SourceTitle "CBM 108 Extra"]
[Source "ChessBase"]
[SourceDate "2005.11.04"]
[SourceVersion "1"]
[SourceVersionDate "2005.11.04"]
[SourceQuality "1"]

1. e4 c5 2. c3 d5 3. exd5 Qxd5 4. d4 cxd4 5. Qxd4 Qxd4 6. cxd4 Nc6 7. Bb5 Bd7 8. Bxc6 Bxc6 9. f3 0-0-0 10. Ne2 Nf6 11. 0-0 e6 12. Rd1 e5 13. Nbc3 exd4 14. Nxd4 Bc5 15. Be3 Rhe8 16. Bf2 Nd5 17. Nxc6 Bxf2+ 18. Kxf2 bxc6 19. Ne4 f6 20. Re1 Nb4 21. Nd6+ Rxd6 22. Rxe8+ Kd7 23. Ra8 Rd2+ 24. Kf1 Rxb2 25. Rxa7+ Kd6 26. Rb7 Rxa2 27. Rxa2 Nxa2 28. Rxg7 c5 29. Ke1 h5 30. Rh7 Kd5 31. Rxh5+ Kd4 32. Kd2 c4 33. Rh4+ Kc5 34. Kc2 Nb4+ 35. Kb2 Nd3+ 36. Kc3 1-0

[Event "Winnipeg Yanofsky Memorial"]
[Site "Winnipeg"]
[Date "2005.09.03"]
[Round "1"]
[White "Sigurdson, Matthew"]
[Black "Gustafson, Dale L"]
[Result "1/2-1/2"]
[WhiteElo "1115"]
[BlackElo "1822"]
[PlyCount "85"]
[EventDate "2005.09.03"]
[EventType "swiss"]
[EventRounds "6"]
[EventCountry "CAN"]
[SourceTitle "CBM 108 Extra"]
[Source "ChessBase"]
[SourceDate "2005.11.04"]
[SourceVersion "1"]
[SourceVersionDate "2005.11.04"]
[SourceQuality "1"]

1. e4 d5 2. exd5 Qxd5 3. Nc3 Qe5+ 4. Qe2 Qxe2+ 5. Bxe2 c6 6. Nf3 Nf6 7. 0-0 Bf5 8. d3 h6 9. Nd4 Bh7 10. Bf3 e6 11. Ndb5 Na6 12. Bf4 Kd7 13. Rfe1 Nb4 14. Na3 Nbd5 15. Nxd5 Nxd5 16. Bxd5 exd5 17. Re2 Bc5 18. Kf1 Rhe8 19. Rae1 Rxe2 20. Rxe2 Re8 21. Rxe8 Kxe8 22. Ke2 Ke7 23. Nb1 g5 24. Be3 d4 25. Bd2 Bd6 26. g3 Bf5 27. c3 dxc3 28. Nxc3 Be6 29. a3 f5 30. Kf3 Kf6 31. b4 a5 32. Ne2 Bd5+ 33. Ke3 axb4 34. Bxb4 c5 35. Bc3+ Kg6 36. f4 Bc6 37. Be5 Bxe5 38. fxe5 Kf7 39. d4 Ke6 40. Nc3 cxd4+ 41. Kxd4 f4 42. gxf4 gxf4 43. Nd1 1/2-1/2

[Event "Winnipeg 2g a Month2"]
[Site "Winnipeg"]
[Date "2004.03.28"]
[Round "1"]
[White "Rutter, Blair A"]
[Black "Sigurdson, Matthew"]
[Result "1-0"]
[WhiteElo "1626"]
[BlackElo "1005"]
[PlyCount "55"]
[EventDate "2004.03.??"]
[EventType "swiss"]
[EventRounds "4"]
[EventCountry "CAN"]
[SourceTitle "EXT 2006"]
[Source "ChessBase"]
[SourceDate "2005.11.24"]
[SourceVersion "1"]
[SourceVersionDate "2005.11.24"]
[SourceQuality "1"]

1. d4 Nf6 2. c4 e6 3. Nc3 d5 4. Nf3 g6 5. h3 Bg7 6. Bg5 Nc6 7. e3 0-0 8. Be2 b6 9. Qa4 Bb7 10. cxd5 exd5 11. Bb5 Ne7 12. 0-0 c6 13. Bd3 Qd7 14. Rac1 Rfe8 15. Ne2 b5 16. Qb3 a5 17. Ne5 Qd6 18. Bf4 Qe6 19. Bh2 Nd7 20. Nf4 Qd6 21. Nf3 a4 22. Qc2 Rac8 23. Nxg6 Qf6 24. Nge5 Nf8 25. Ng4 Qe6 26. Ng5 Qd7 27. Nxh7 f5 28. Nhf6+ 1-0